Short Stories / (Record no. 5049)

MARC details
000 -LEADER
fixed length control field 00488nam a22001697a 4500
003 - CONTROL NUMBER IDENTIFIER
control field OSt
005 - DATE AND TIME OF LATEST TRANSACTION
control field 20251023043055.0
008 - FIXED-LENGTH DATA ELEMENTS--GENERAL INFORMATION
fixed length control field 251023b |||||||| |||| 00| 0 eng d
020 ## - INTERNATIONAL STANDARD BOOK NUMBER
International Standard Book Number 978-93-81753-45-3
040 ## - CATALOGING SOURCE
Original cataloging agency DWCL - Main Lib
Transcribing agency OC
082 ## - DEWEY DECIMAL CLASSIFICATION NUMBER
Classification number Fic. C548s
100 ## - MAIN ENTRY--PERSONAL NAME
Personal name Dickens, Charles
245 ## - TITLE STATEMENT
Title Short Stories /
Statement of responsibility, etc. Charles Dickens
260 ## - PUBLICATION, DISTRIBUTION, ETC.
Place of publication, distribution, etc. New Delhi , India :
Name of publisher, distributor, etc. Maanu Graphics,
Date of publication, distribution, etc. (n.d).
300 ## - PHYSICAL DESCRIPTION
Extent 208 pages :
Other physical details illustrations ;
Dimensions 22cm.
942 ## - ADDED ENTRY ELEMENTS (KOHA)
Source of classification or shelving scheme Dewey Decimal Classification
Koha item type Fiction
Call number suffix Fic.
Suppress in OPAC No
952 ## - LOCATION AND ITEM INFORMATION (KOHA)
--
952 ## - LOCATION AND ITEM INFORMATION (KOHA)
--
Holdings
Withdrawn status Lost status Source of classification or shelving scheme Damaged status Not for loan Home library Current library Shelving location Date acquired Source of acquisition Cost, normal purchase price Total Checkouts Full call number Barcode Date last seen Copy number Price effective from Koha item type Uniform Resource Identifier
    Dewey Decimal Classification     Junior High School Library College Library   01/15/2025 Library Fund 278.00     JHS -21416 01/23/2026   01/23/2026 FIC.
    Dewey Decimal Classification     Junior High School Library Junior High School Library Fiction 01/15/2025 School Fund 278.50   Fic. C548s JHS - 21416 10/23/2025 c1 10/23/2025 FIC.